Ezpata zorrotza (olerkiak) (Record no. 58827)

MARC details
000 -LEADER
campo de control de longitud fija 00492nam a2200157 i 4500
001 - NÚMERO DE CONTROL
campo de control 58827
003 - IDENTIFICADOR DE NÚMERO DE CONTROL
campo de control ES-MaACL
005 - FECHA Y HORA DE LA ÚLTIMA TRANSACCIÓN
campo de control 20230906163910.0
007 - CAMPO FIJO DE DESCRIPCIÓN FÍSICA--INFORMACIÓN GENERAL
campo de control de longitud fija t|
008 - DATOS DE LONGITUD FIJA--INFORMACIÓN GENERAL
campo de control de longitud fija 031024s1969 sp ||||1| baq d
100 1# - ENTRADA PRINCIPAL--NOMBRE DE PERSONA
Nombre de persona Etxebarria, Jon Gotzon (
Fechas asociadas al nombre 1934-1996)
9 (RLIN) 48305
245 10 - MENCIÓN DEL TÍTULO
Título Ezpata zorrotza (olerkiak)
Resto del título : ezkatuto aria (antzerkia) /
Mención de responsabilidad, etc. Etxebarria'tar Juan Angel.
260 ## - PUBLICACIÓN, DISTRIBUCIÓN, ETC.
Lugar de publicación, distribución, etc. [Bilbao :
Nombre del editor, distribuidor, etc. s.n.,
Fecha de publicación, distribución, etc. 1969] (
Fabricante Gráf. Bilbao)
300 ## - DESCRIPCIÓN FÍSICA
Extensión 65 p. ;
Dimensiones 17 cm.
852 ## - LOCALIZACIÓN
Ubicación ES-MaACL
Número de control de estantería C-51255
Sublocalización o colección R.71850
Holdings
Estatus retirado Estado de pérdida Estado de daño No para préstamo Biblioteca de origen Biblioteca actual Ubicación en estantería Fecha de adquisición Fuente de adquisición Total de préstamos Signatura topográfica completa Código de barras Visto por última vez Precio de reemplazo Tipo de ítem Koha
        Biblioteca del Ateneo de Madrid Biblioteca del Ateneo de Madrid Depósito 2 17/01/2008     C-51255 1061713 23/02/2023 23/02/2023 Libro impreso